[Event "AUTO-OPEN-1849"]
[Site "http://www.queenalice.com/game.php?id=719233"]
[Date "2010.1.24"]
[Round "1"]
[White "iraz"]
[Black "punk"]
[Result "1-0"]
[WhiteElo "1641"]
[BlackElo "2032"]

1. e4 c5 2. Bc4 e6 3. Nf3 a6 4. O-O b5 5. Be2 Nc6 6. e5 d5 7. d3 Qc7 8. Bf4 Nge7
9. h3 Ng6 10. Bg3 Ncxe5 11. Ng5 Be7 12. Nf3 Bd6 13. Nc3 Nxf3+ 14. Bxf3 Bb7 15.
Bh5 Nf4 16. Bg4 h5 17. Bf3 g5 18. Ne2 h4 19. Bxf4 Bxf4 20. Nxf4 Qxf4 21. Re1
O-O-O 22. Bg4 f5 23. Bf3 Rde8 24. a3 g4 25. hxg4 h3 26. g3 h2+ 27. Kh1 Qxf3+ 28.
Qxf3 d4 29. Re4 fxe4 30. dxe4 Ref8 31. Qe2 c4 32. f3 e5 33. Rf1 1-0

[Event "AUTO-OPEN-1849"]
[Site "http://www.queenalice.com/game.php?id=719256"]
[Date "2010.1.24"]
[Round "1"]
[White "Adinirso"]
[Black "iraz"]
[Result "1-0"]
[WhiteElo "1526"]
[BlackElo "1799"]

1. e4 e5 2. a3 Nf6 3. Nc3 Bc5 4. h3 O-O 5. Nf3 d6 6. Bc4 h6 7. O-O Nc6 8. Re1 a6
9. d3 Be6 10. Bxe6 fxe6 11. b4 Bd4 12. Bd2 Nh5 13. Nxd4 Qf6 14. Nxc6 bxc6 15.
Be3 Nf4 16. Bxf4 Qxf4 17. Qe2 Rf6 18. Rf1 Rg6 19. g3 Rf8 20. Nd1 Rg5 21. Ne3 h5
22. Ng2 Qf3 23. Qxf3 Rxf3 24. Rae1 Rg6 25. Nh4 Rfxg3+ 26. fxg3 Rxg3+ 27. Kh2 Rg5
28. Rf2 d5 29. exd5 exd5 30. Nf5 g6 31. Ne7+ Kg7 32. Nxc6 e4 33. dxe4 dxe4 34.
Rxe4 Kh6 35. c4 Rf5 36. Rxf5 gxf5 37. Re7 f4 38. Rxc7 Kg5 39. Rf7 h4 40. c5 Kg6
41. Rxf4 Kg5 42. Rf8 Kg6 43. Nb8 1-0

[Event "AUTO-OPEN-1849"]
[Site "http://www.queenalice.com/game.php?id=719257"]
[Date "2010.1.24"]
[Round "1"]
[White "iraz"]
[Black "Adinirso"]
[Result "1-0"]
[WhiteElo "1500"]
[BlackElo "1522"]

1. e4 e5 2. Nf3 Nc6 3. Bb5 Qf6 4. O-O a6 5. Bc4 h6 6. d3 Bc5 7. Nc3 d6 8. h3 Bd7
9. Nd5 Qd8 10. a3 b5 11. Bb3 Nge7 12. Re1 Nxd5 13. Bxd5 O-O 14. Bxc6 Bxc6 15.
Be3 Bxe3 16. Rxe3 Qf6 17. b4 Rfe8 18. c3 Qf4 19. Qc2 Re6 20. c4 bxc4 21. Qxc4 d5
22. exd5 Qxc4 23. dxc4 Bxd5 24. cxd5 Re7 25. Nxe5 Rae8 26. Rae1 Kf8 27. Nc6 f6
28. Nxe7 Kf7 29. a4 Rd8 30. Kh2 g5 31. Rd1 Rb8 32. Nc6 Rb6 33. Re7+ Kg6 34. a5
Rb5 35. Rxc7 Kf5 36. d6 Ke6 37. d7 1-0

[Event "Let's Play Chess!"]
[Site "http://www.queenalice.com/game.php?id=732214"]
[Date "2010.2.15"]
[Round "-"]
[White "igorjava"]
[Black "iraz"]
[Result "1-0"]
[WhiteElo "1908"]
[BlackElo "1697"]

1. e4 e5 2. Nf3 Nc6 3. Bb5 Nge7 4. Nc3 Nd4 5. Nxd4 exd4 6. Ne2 c6 7. Ba4 Ng6 8.
Nxd4 Bc5 9. Nf3 O-O 10. d4 Bb6 11. O-O d6 12. Bb3 h6 13. h3 Qf6 14. Rb1 Nf4 15.
c3 Bxh3 16. Bxf4 Qxf4 17. gxh3 Qxe4 18. Nh2 Qg6+ 19. Qg4 Qxg4+ 20. hxg4 d5 21.
Rbe1 Bc7 22. Re2 Rfe8 23. Rfe1 Rxe2 24. Rxe2 a5 25. Nf3 b5 26. Ne5 a4 27. Bc2
Re8 28. Kf1 Re6 29. f3 Bxe5 30. Rxe5 Rxe5 31. dxe5 Kf8 32. b3 a3 33. f4 Ke7 34.
f5 f6 35. e6 Kd6 36. Ke2 c5 37. Ke3 g6 38. Bd3 gxf5 39. Bxf5 Ke7 40. b4 cxb4 41.
cxb4 Kd6 42. Kd4 Ke7 43. Kxd5 Kd8 44. Kd6 Ke8 45. e7 Kf7 46. Kd7 Kg8 47. e8=Q+
1-0

[Event "Challenge"]
[Site "http://www.queenalice.com/game.php?id=737679"]
[Date "2010.2.25"]
[Round "-"]
[White "eddval"]
[Black "iraz"]
[Result "0-1"]
[WhiteElo "1897"]
[BlackElo "1688"]

1. e4 e5 2. Nf3 Nc6 3. d4 d6 4. dxe5 dxe5 5. Qxd8+ Nxd8 6. Nxe5 Nf6 7. Bd3 Bc5
8. Bg5 Be7 9. Nc3 h6 10. Bh4 O-O 11. O-O-O Bd6 12. Nc4 Bf4+ 13. Kb1 Nc6 14. Bxf6
gxf6 15. Nd5 Be5 16. f4 Bd4 17. c3 Bg4 18. Rd2 Bc5 19. Nxf6+ Kg7 20. Nxg4 Rad8
21. e5 b5 22. Nce3 Bxe3 23. Nxe3 b4 24. Nf5+ Kh8 25. Nxh6 a5 26. Rhd1 Rb8 27.
cxb4 Nxb4 28. Bc4 Kg7 29. Ng4 Kg6 30. Nf6 Rh8 31. g4 Nc6 0-1

[Event "Challenge"]
[Site "http://www.queenalice.com/game.php?id=749892"]
[Date "2010.3.22"]
[Round "-"]
[White "pedro2009"]
[Black "iraz"]
[Result "0-1"]
[WhiteElo "1779"]
[BlackElo "1694"]

1. e4 e5 2. Nf3 Nc6 3. Bc4 Nf6 4. d3 Bc5 5. O-O O-O 6. a3 d6 7. Nc3 h6 8. b4 Bd4
9. Nxd4 Nxd4 10. h3 a6 11. Be3 Re8 12. Nd5 Nxd5 13. Bxd5 c6 14. Ba2 Qf6 15. c3
Nb5 16. Qd2 Qg6 17. Kh2 Kh8 18. a4 Nc7 19. Bb3 Be6 20. Bc2 d5 21. Bb6 Rac8 22.
Bc5 Ra8 23. Bd6 Bxh3 24. gxh3 Qxd6 25. Rg1 Qf6 26. Rg3 Ne6 27. Bb3 dxe4 28. dxe4
Nf4 29. Qd7 Re7 30. Qg4 h5 31. Qf3 Qh4 32. Rag1 g6 33. Qe3 Rd7 34. Bc2 Rad8 35.
Rg4 hxg4 36. Qg3 g5 37. Qxh4+ gxh4 38. Rxg4 Rd2 39. Bb3 Rxf2+ 40. Kg1 Nxh3+ 41.
Kh1 Rdd2 42. Rxh4+ Kg7 43. Rg4+ Kf8 44. Rg1 Rh2# 0-1

[Event "Challenge"]
[Site "http://www.queenalice.com/game.php?id=759072"]
[Date "2010.4.10"]
[Round "-"]
[White "highlander7"]
[Black "iraz"]
[Result "1-0"]
[WhiteElo "2116"]
[BlackElo "1694"]

1. d4 d5 2. Bf4 Nf6 3. e3 Bf5 4. Bd3 e6 5. Bxf5 exf5 6. Qd3 Ne4 7. Qb5+ Nc6 8.
f3 Nf6 9. Qxb7 Na5 10. Qa6 Nc4 11. Qc6+ Nd7 12. Qxd5 Ndb6 13. Qxd8+ Kxd8 14. b3
Nb2 15. Kd2 Bb4+ 16. Kc1 Nd5 17. Kxb2 Ke7 18. Ne2 Rhe8 19. Nbc3 c6 20. Nxd5+
cxd5 21. a3 Bd2 22. Rhd1 Ba5 23. c4 dxc4 24. bxc4 Kf8 25. c5 h6 26. Ng3 Kg8 27.
Nxf5 Re6 28. d5 Ree8 29. c6 Kh7 30. d6 g5 31. Bg3 Rab8+ 32. Ka2 Bc3 33. Rab1 Rf8
34. Rxb8 Rxb8 35. Rb1 Rc8 36. d7 Rd8 37. c7 Rxd7 38. c8=Q Rd2+ 39. Kb3 Rd3 40.
Qa6 Rd5 41. Qxh6+ Kg8 42. Ne7# 1-0

[Event "Challenge"]
[Site "http://www.queenalice.com/game.php?id=765171"]
[Date "2010.4.23"]
[Round "-"]
[White "Dana0411"]
[Black "iraz"]
[Result "1-0"]
[WhiteElo "1792"]
[BlackElo "1709"]

1. e4 e5 2. Bc4 Nf6 3. d3 Bc5 4. h3 O-O 5. Nf3 d6 6. a3 Nc6 7. c3 a6 8. g4 h6 9.
g5 hxg5 10. Bxg5 Be6 11. Nbd2 Ne7 12. Bxf6 gxf6 13. Rg1+ Ng6 14. Nh4 Kg7 15.
Nxg6 fxg6 16. Bxe6 Rh8 17. Qg4 Rh6 18. Bf5 Qe8 19. h4 c6 20. Nf3 Kf8 21. h5 g5
22. Nxg5 Ke7 23. Ne6 Bxf2+ 24. Kxf2 d5 25. Qg7+ Kd6 26. Qc7# 1-0

[Event "Challenge"]
[Site "http://www.queenalice.com/game.php?id=765178"]
[Date "2010.4.23"]
[Round "-"]
[White "iraz"]
[Black "Dana0411"]
[Result "0-1"]
[WhiteElo "1726"]
[BlackElo "1778"]

1. e4 e5 2. Nf3 Nc6 3. Bc4 Bc5 4. O-O a6 5. d3 h6 6. Nc3 Nf6 7. h3 d6 8. a3 g5
9. Nd5 g4 10. hxg4 Bxg4 11. Bb3 Nd4 12. c3 Nxb3 13. Qxb3 Bxf3 14. gxf3 Rg8+ 15.
Kh1 Nxd5 16. Qa4+ c6 17. exd5 Bd4 18. dxc6 Qh4# 0-1

[Event "Challenge"]
[Site "http://www.queenalice.com/game.php?id=768653"]
[Date "2010.4.30"]
[Round "-"]
[White "pedro2009"]
[Black "iraz"]
[Result "1-0"]
[WhiteElo "1779"]
[BlackElo "1715"]

1. e4 e5 2. Nf3 Nc6 3. Nc3 Nf6 4. Bc4 Bc5 5. O-O O-O 6. a3 d6 7. Nd5 Nxe4 8. d3
Bxf2+ 9. Rxf2 Nxf2 10. Kxf2 Nd4 11. c3 Nxf3 12. Qxf3 c6 13. Ne3 Qh4+ 14. Qg3
Qf6+ 15. Qf3 Qh4+ 16. Qg3 Qf6+ 17. Qf3 Qg6 18. Qg3 Qf6+ 19. Qf3 Qg6 20. Qg3 d5
21. Bb3 Qxd3 22. Qxe5 Be6 23. Bc2 Qb5 24. b4 Rfe8 25. Qd4 h5 26. a4 Qb6 27. Qd3
g6 28. a5 Bf5 29. Qxf5 gxf5 30. axb6 axb6 31. Rxa8 Rxa8 32. Bxf5 Rd8 33. Nc2 Kg7
34. h4 Rd6 35. Bf4 Rd8 36. Bc7 Ra8 37. Bxb6 Kf6 38. Ne3 Ra2+ 39. Kf3 Ra3 40.
Bd4+ Ke7 41. Kf4 f6 42. g4 hxg4 43. Bxg4 Ra8 44. Kf5 Kf7 45. Bxf6 Ra3 46. Bd4
Ra2 47. h5 Rf2+ 48. Kg5 Rh2 49. h6 Kg8 50. Bf5 Rh1 51. h7+ Kf7 52. h8=Q Rxh8 53.
Bxh8 Ke7 54. Be5 Kd8 55. Kf6 Ke8 56. Bc7 Kf8 57. Bd7 Kg8 58. Kg6 Kf8 59. Bd6+
Kg8 60. Be6+ Kh8 61. Be5# 1-0

[Event "Challenge"]
[Site "http://www.queenalice.com/game.php?id=769668"]
[Date "2010.5.2"]
[Round "-"]
[White "Andrei_78"]
[Black "iraz"]
[Result "1/2-1/2"]
[WhiteElo "1685"]
[BlackElo "1706"]

1. e4 e5 2. Nf3 Nc6 3. Nc3 Nf6 4. Bb5 Nd4 5. Bd3 d6 6. Nxd4 exd4 7. Ne2 c5 8.
Nf4 Be7 9. Qf3 Bg4 10. Qg3 Qc8 11. h3 Nh5 12. Qxg4 Qxg4 13. hxg4 Nxf4 14. O-O
Nxd3 15. cxd3 O-O 16. a3 h6 17. b3 Bf6 18. a4 Rfd8 19. Bb2 d5 20. exd5 Rxd5 21.
Rac1 b6 22. Rfe1 Bg5 23. Rc2 Bh4 24. g3 Bg5 25. Re4 a5 26. f4 Bf6 27. Kh2 Kh7
28. Ba3 Rh8 29. f5 g6 30. Kh3 Kg7 31. fxg6 fxg6 32. Re6 Bd8 33. Rc1 h5 34. gxh5
Rhxh5+ 35. Kg2 Rdf5 36. Rd6 Bc7 37. Rc6 Bd8 38. Re1 Rf8 39. Ree6 Rf6 40. Rxf6
Bxf6 41. Rxb6 Re5 42. Rb5 Re2+ 43. Kf3 Rxd2 44. Rxc5 Rxd3+ 45. Kg4 Rxb3 46. Bc1
d3 47. Rxa5 Bc3 48. Ra7+ Kf6 49. Bg5+ Ke6 50. Ra6+ Kf7 51. Ra7+ Ke6 52. Ra6+ Kf7
53. Ra7+ Ke6 54. Ra6+ Kf7 55. Ra7+ Ke6 56. Ra6+ Kf7 1/2-1/2

[Event "Challenge"]
[Site "http://www.queenalice.com/game.php?id=778532"]
[Date "2010.5.20"]
[Round "-"]
[White "iraz"]
[Black "Andrei_78"]
[Result "1-0"]
[WhiteElo "1705"]
[BlackElo "1725"]

1. e4 e5 2. Nf3 d6 3. Bc4 Nf6 4. Nc3 a6 5. Ng5 Be6 6. Bxe6 fxe6 7. Nxe6 Qe7 8.
Nd5 Nxd5 9. exd5 c6 10. Nxf8 Rxf8 11. dxc6 Nxc6 12. O-O Rf7 13. d3 O-O-O 14.
Qg4+ Kb8 15. Bg5 Rf6 16. Bxf6 gxf6 17. Rfe1 Nd4 18. Rac1 Rc8 19. c3 Nc6 20. d4
Re8 21. b4 Qf7 22. a3 Rg8 23. Qe4 f5 24. Qf3 exd4 25. Red1 Ne5 26. Qf4 Rg4 27.
Qh6 Nf3+ 28. Kf1 Rg6 29. Qh3 Ng5 30. Qd3 dxc3 31. Rxc3 Ne4 32. Rc2 Qe7 33. f3
Nf6 34. Qxd6+ Qxd6 35. Rxd6 Ne8 36. Rxg6 hxg6 37. Re2 Nd6 38. Re6 Kc7 39. Rxg6
b5 40. Rg7+ Kc6 41. h4 Nc4 42. h5 Nd6 43. h6 Ne8 44. Rg6+ Kd7 45. h7 Ke7 46.
h8=Q f4 47. Qh7+ Kd8 48. Rxa6 Nc7 49. Rd6+ Kc8 50. Rc6 1-0

[Event "Challenge"]
[Site "http://www.queenalice.com/game.php?id=779612"]
[Date "2010.5.23"]
[Round "-"]
[White "iraz"]
[Black "Samelo"]
[Result "1-0"]
[WhiteElo "1701"]
[BlackElo "1725"]

1. e4 c5 2. Nf3 d6 3. Bc4 Nf6 4. Ng5 e6 5. O-O h6 6. Nf3 Nxe4 7. d3 Nf6 8. Re1
d5 9. Bb5+ Bd7 10. Bxd7+ Nbxd7 11. c4 d4 12. Qa4 Bd6 13. h3 O-O 14. Qd1 e5 15.
Na3 b6 16. Nh4 Re8 17. Nf5 Bc7 18. Nb5 a6 19. Nxc7 Qxc7 20. Qf3 b5 21. Qg3 1-0

[Event "Challenge"]
[Site "http://www.queenalice.com/game.php?id=782016"]
[Date "2010.5.28"]
[Round "-"]
[White "iraz"]
[Black "brancao"]
[Result "0-1"]
[WhiteElo "1718"]
[BlackElo "1821"]

1. e4 e5 2. Nf3 Nc6 3. Bc4 Nf6 4. Nc3 h6 5. O-O Bc5 6. d3 Ng4 7. h3 Nxf2 8. Rxf2
Bxf2+ 9. Kxf2 a6 10. Nd5 Na5 11. Kg1 Nxc4 12. dxc4 d6 13. Qd3 Be6 14. a3 c6 15.
Nb4 O-O 16. b3 f5 17. Bd2 a5 18. Na2 fxe4 19. Qxe4 Bf5 20. Qe2 Bxc2 21. Bxh6
Bxb3 22. Bg5 Qb6+ 23. Kh2 Bxc4 24. Qxc4+ d5 25. Qg4 Qb2 26. Qe6+ Kh8 27. Qxe5
Qxe5+ 28. Nxe5 Rf5 29. Ng6+ Kh7 30. Nf4 Rxg5 31. Nc3 b5 32. Ne6 Re5 33. Nf4 Rf8
34. Nce2 g5 35. Nxd5 Rxd5 36. Rc1 Re8 37. Ng3 c5 38. Nh5 Kg6 39. Ng3 Rd3 40.
Rxc5 Rxa3 41. Rxb5 Ra8 42. Ne4 a4 43. Nd2 Rd3 44. Rb2 a3 45. Ra2 Kf5 46. Kg1
Rxd2 47. Rxd2 a2 48. Rf2+ Kg6 49. Rf1 a1=Q 50. Rxa1 Rxa1+ 51. Kf2 Ra3 52. g3 Kf5
53. g4+ Kf4 54. Kg2 Rg3+ 55. Kh2 Kf3 56. Kh1 Rxh3+ 57. Kg1 Kxg4 58. Kf2 Kf4 59.
Kg2 Ra3 60. Kh2 Kg4 61. Kg2 Ra2+ 62. Kf1 Kf3 63. Kg1 Rb2 64. Kh1 Kg3 65. Kg1
Rb1# 0-1

[Event "Challenge"]
[Site "http://www.queenalice.com/game.php?id=889037"]
[Date "2011.1.21"]
[Round "-"]
[White "pedro2009"]
[Black "iraz"]
[Result "1-0"]
[WhiteElo "1840"]
[BlackElo "1722"]

1. e4 e5 2. Nf3 Nc6 3. Nc3 Bc5 4. Bc4 h6 5. a3 Nf6 6. O-O O-O 7. b4 Bd4 8. Rb1
d6 9. Nd5 Be6 10. c3 Bb6 11. d3 a6 12. Nxb6 cxb6 13. Qe2 Bxc4 14. dxc4 b5 15.
cxb5 Ne7 16. bxa6 bxa6 17. Be3 Ng6 18. Rbd1 Nxe4 19. Qc4 Nf6 20. Bc5 Qc8 21.
Rxd6 Qf5 22. Nh4 Qg5 23. Nxg6 Qxg6 24. Rc6 Rfc8 25. Rxa6 Qh5 26. h3 Qf5 27. b5
Ne4 28. Rxa8 Rxa8 29. Qd3 Rc8 30. Bb4 Qg6 31. Re1 Nc5 32. Qxg6 fxg6 33. Rxe5 Nd3
34. Re4 Kh7 35. Ba5 Rf8 36. f3 Rf5 37. c4 Nc5 38. Rd4 Nb3 39. Rd5 Nxa5 40. Rxf5
gxf5 41. c5 Kg8 42. c6 Nc4 43. c7 Nb6 44. a4 Kf8 45. a5 Nc8 46. b6 Ke7 47. b7
1-0